Analysis of provenance trials for genetic improvement of acacia mangium

Bibliographic Details
Main Author: KAWASAKI
Other Authors: KIKUCHI
Format: Book
Published: [Kota Kinabalu] : Sabah Forestry Development Authority : Sabah Re-Afforestation Technical Development and Training Project ; [Tokyo] : Japan International Cooperation Agency , 1994
Series:Study report
Subjects:

MARC

LEADER 00000cam a2200000 7i4500
001 0000001504
005 20010720.0
090 0 0 |a 634.973748   |b KAW 1994 
100 1 0 |a KAWASAKI   |h Hisao 
245 1 0 |a Analysis of provenance trials for genetic improvement of acacia mangium   |c Hisao Kawasaki, Tsunesuke Kikuchi 
260 0 0 |a [Kota Kinabalu] :   |b Sabah Forestry Development Authority : Sabah Re-Afforestation Technical Development and Training Project ; [Tokyo] : Japan International Cooperation Agency ,   |c 1994 
300 |a 118 p. :   |b ill. ;   |c 30 cm. 
440 0 0 |a Study report 
650 0 0 |a Mangium 
700 0 1 |a KIKUCHI   |h Tsunesuke 
998 |a JPSM 
999 |a 0000000249   |b Monograph   |c Open Shelf   |e Default branch 
999 |a 0000000398   |b Monograph   |c Open Shelf   |e Default branch 
999 |a 0000000399   |b Monograph   |c Open Shelf   |e Default branch 
999 |a 0000000400   |b Monograph   |c Open Shelf   |e Default branch 
999 |a 0000000401   |b Monograph   |c Open Shelf   |e Default branch 
999 |a 0000000402   |b Monograph   |c Reference   |e Default branch 
999 |a 0000000403   |b Monograph   |c Open Shelf   |e Default branch